[Event "Navarra-ch"]
[Site "Pamplona"]
[Date "2017.04.29"]
[Round "5"]
[White "Alfaro Pinero, Asier"]
[Black "Hernandez Barricarte, Miguel Angel"]
[Result "1/2-1/2"]
[WhiteElo "1797"]
[BlackElo "1913"]
[PlyCount "51"]
[EventDate "2017.03.11"]
[EventType "swiss"]
[EventRounds "7"]
[EventCountry "ESP"]
[SourceTitle "EXT 2018"]
[Source "ChessBase"]
[SourceDate "2017.10.13"]
[SourceVersion "1"]
[SourceVersionDate "2017.10.13"]
[SourceQuality "1"]

1. d4 Nf6 2. Bg5 e6 3. e4 h6 4. Bxf6 Qxf6 5. Nf3 d6 6. Nc3 Nd7 7. Qd2 e5 8. dxe5 Nxe5 9. Nxe5 dxe5 10. 0-0-0 c6 11. Nb5 Qe7 12. Nd6+ Qxd6 13. Qxd6 Bxd6 14. Rxd6 Ke7 15. Rd2 Be6 16. Be2 Rad8 17. Rhd1 Rxd2 18. Rxd2 Rd8 19. a3 Rxd2 20. Kxd2 a5 21. b4 b6 22. Ke3 Kd6 23. c4 axb4 24. axb4 c5 25. b5 g5 26. g4 1/2-1/2

[Event "Navarra-ch"]
[Site "Pamplona"]
[Date "2017.03.25"]
[Round "2"]
[White "Salvatierra Alzorriz, Haizea"]
[Black "Alfaro Pinero, Asier"]
[Result "0-1"]
[WhiteElo "1598"]
[BlackElo "1797"]
[PlyCount "78"]
[EventDate "2017.03.11"]
[EventType "swiss"]
[EventRounds "7"]
[EventCountry "ESP"]
[SourceTitle "EXT 2018"]
[Source "ChessBase"]
[SourceDate "2017.10.13"]
[SourceVersion "1"]
[SourceVersionDate "2017.10.13"]
[SourceQuality "1"]

1. e4 c5 2. c3 g6 3. d4 cxd4 4. cxd4 d5 5. exd5 Nf6 6. Nf3 Bg7 7. Be2 Nxd5 8. 0-0 0-0 9. Bc4 Nb6 10. Bb3 Bg4 11. h3 Bxf3 12. Qxf3 Qd7 13. d5 Na6 14. Nc3 Nc5 15. Bc2 Nba4 16. Rd1 Rac8 17. Qe3 Nxc3 18. bxc3 Rfe8 19. Bb2 Na4 20. Bxa4 Qxa4 21. Qd3 Qa5 22. Rdc1 Red8 23. Qe3 Rxd5 24. Qxe7 Qb6 25. Ba3 Rd2 26. Qh4 Rc4 27. Qg3 Be5 28. Qe3 Qxe3 29. fxe3 Rxc3 30. Bb4 Rxc1+ 31. Rxc1 Rxa2 32. Rc8+ Kg7 33. Bf8+ Kf6 34. Bh6 a5 35. Rh8 a4 36. Rxh7 Ke6 37. Bg5 Bg3 38. Kf1 a3 39. Rh8 Rf2+ 0-1

[Event "Navarra-ch"]
[Site "Pamplona"]
[Date "2016.04.30"]
[Round "7"]
[White "Sola Plaza, Gregorio"]
[Black "Alfaro Pinero, Asier"]
[Result "0-1"]
[WhiteElo "1945"]
[BlackElo "1708"]
[PlyCount "42"]
[EventDate "2016.03.05"]
[EventType "swiss"]
[EventRounds "8"]
[EventCountry "ESP"]
[SourceTitle "EXT 2018"]
[Source "ChessBase"]
[SourceDate "2017.10.13"]
[SourceVersion "1"]
[SourceVersionDate "2017.10.13"]
[SourceQuality "1"]

1. d4 Nf6 2. c4 c5 3. d5 b5 4. Qc2 bxc4 5. e4 d6 6. Bd2 g6 7. Na3 Bg7 8. Nf3 0-0 9. Bc3 Nbd7 10. Nxc4 Nb6 11. Nfd2 e6 12. dxe6 Bxe6 13. Be2 Re8 14. f3 d5 15. exd5 Bxd5 16. Kf2 Qc7 17. g3 Qc6 18. Bxf6 Qxf6 19. Rhe1 Rxe2+ 20. Kxe2 Nxc4 21. Ne4 Qd4 0-1

[Event "Navarra-ch"]
[Site "Pamplona"]
[Date "2016.03.05"]
[Round "1"]
[White "Ortin Blanco, Inigo"]
[Black "Alfaro Pinero, Asier"]
[Result "1-0"]
[WhiteElo "2047"]
[BlackElo "1708"]
[PlyCount "65"]
[EventDate "2016.03.05"]
[EventType "swiss"]
[EventRounds "8"]
[EventCountry "ESP"]
[SourceTitle "EXT 2018"]
[Source "ChessBase"]
[SourceDate "2017.10.13"]
[SourceVersion "1"]
[SourceVersionDate "2017.10.13"]
[SourceQuality "1"]

1. d4 d5 2. c4 e6 3. Nc3 c6 4. cxd5 exd5 5. Qc2 Bd6 6. Nf3 Ne7 7. e3 Bf5 8. Bd3 Bxd3 9. Qxd3 Nd7 10. 0-0 0-0 11. Rb1 a5 12. b3 Re8 13. a3 Ng6 14. b4 axb4 15. axb4 b5 16. e4 dxe4 17. Nxe4 Bc7 18. Qc2 Nf6 19. Bg5 Rxe4 20. Bxf6 Qd5 21. Bg5 h6 22. Be3 Nh4 23. Nxh4 Rxh4 24. g3 Rh3 25. Rfc1 Ra6 26. Ra1 Rxa1 27. Rxa1 g6 28. Qc5 Qd7 29. Ra8+ Kg7 30. d5 Rh5 31. Bd4+ Be5 32. Qf8+ Kf6 33. Qh8+ 1-0